00846nam a2200265 a 45000010010000000030011000100080041000210200022000620350026000840920015001101000016001252450134001412600050002753000017003255000017003426500010003597000014003697100021003838560030004049420012004349520091004469900006005379980020005439990017005630001-1170ELIB.Books150507 2010 eng  a13: 9780664229108 a(ELIB.Books)0001-1325 a220.6bDay aDay, Linda. aEngaging the Bible in a Gendered World:bAn Introduction to Feminist Biblical Interpretation in Honor of Katharine Doob Sakenfeld aLouisvillebWestminster John Knox Pressc2006 a260c23.5 Cm aC/o Moe Lwei aBible aLinda Day aCarolyn Pressler nKBTS: LibraryuKBTS: Elib 2ddccBK 00102ddc4070aKBTSbKBTSd2015-05-07l0p15452r2022-01-22 00:00:00w2022-01-22yBK a1 cbate2015-05-07 c11170d11170